Grans economistes d'abans de Keynes : [una introducció a la vida i l'obra de cent grans economistes del passat] / Mark Blaug [una introducció a la vida i l'obra de cent grans economistes del passat] / Mark Blaug
Descripción Física:
284 p. ; 24 cm
Colección:
Biblioteca oberta ; 6
MARC
| LEADER | 00000nam a2200000Ia 4500 | ||
|---|---|---|---|
| 001 | 12150 | ||
| 008 | 160829s9999 xx 000 0 cat d | ||
| 080 | |a M-2-54 | ||
| 100 | 1 | |a Blaug, Mark |9 34580 | |
| 245 | |a Grans economistes d'abans de Keynes : |b [una introducció a la vida i l'obra de cent grans economistes del passat] / Mark Blaug | ||
| 260 | |a Barcelona : |b Universitat Oberta de Catalunya : |b Proa ; 1997 | ||
| 300 | |a 284 p. ; |c 24 cm | ||
| 490 | |a Biblioteca oberta ; 6 | ||
| 650 | |a Economistes |x Biografia |9 34581 | ||
| 650 | |a Economia |x Història |9 34582 | ||
| 710 | 2 | |a Universitat Oberta de Catalunya |9 51757 | |
| 901 | |a Arxiu | ||
| 942 | |n 1 | ||
| 952 | |0 0 |1 0 |4 0 |6 M254 |7 1 |9 46572 |a Arxiu |b Arxiu |d 2016-12-01 |l 0 |o M-2-54 |p 12150 |r 2016-12-01 00:00:00 |w 2016-12-01 |y ARXIU | ||
| 999 | |c 50365 |d 50365 | ||